000 00698nam a22002657a 4500
003 OSt
005 20140310181749.0
008 130626t xxu||||| |||| 00| 0 eng d
020 _a9799715098433
020 _a9799715098440
020 _a9799715098457
020 _a9799715098484
050 _aLB 1050.45
_b.B144 2004
082 _aFIL 372.41
_bB14 2004
100 _aBagabaldo, Anita A.
245 _aDeveloping reading power /
_cAnita A. Bagabaldo.
260 _aPhilippines :
_bSaint Mary's Publishing Corporation,
_c2004.
300 _a355 p. :
_c21 cm.
650 _aReading
942 _2lcc
_cBK
999 _c3142
_d3142